Vocabulario cubano (Record no. 148754)

MARC details
000 -LEADER
campo de control de longitud fija 00723nam a2200169 4500
001 - NÚMERO DE CONTROL
campo de control 148754
003 - IDENTIFICADOR DE NÚMERO DE CONTROL
campo de control ES-MaACL
005 - FECHA Y HORA DE LA ÚLTIMA TRANSACCIÓN
campo de control 20230906202805.0
007 - CAMPO FIJO DE DESCRIPCIÓN FÍSICA--INFORMACIÓN GENERAL
campo de control de longitud fija t|
008 - DATOS DE LONGITUD FIJA--INFORMACIÓN GENERAL
campo de control de longitud fija 070214s1999 sp r ||||1| spa d
100 1# - ENTRADA PRINCIPAL--NOMBRE DE PERSONA
Nombre de persona Suárez, Constantino.
9 (RLIN) 108549
245 10 - MENCIÓN DEL TÍTULO
Título Vocabulario cubano
Resto del título : suplemento a la 14ª edición del Diccionario de la R. A. de la Lengua : comprende 6828 voces o acepciones, 321 frases, 52 refranes /
Mención de responsabilidad, etc. por Constantino Suárez (Españolito) [seud.].
260 ## - PUBLICACIÓN, DISTRIBUCIÓN, ETC.
Lugar de publicación, distribución, etc. La Habana ;
-- Madrid :
Nombre del editor, distribuidor, etc. Librería Cervantes de Ricardo Veloso :
-- Librería de Perlado, Pèz y Cía,
Fecha de publicación, distribución, etc. 1921 (
Lugar de fabricación/manufactura Barcelona :
Fabricante Imp. Clarasó)
300 ## - DESCRIPCIÓN FÍSICA
Extensión XXX, 576 p. ;
Dimensiones 20 cm.
852 ## - LOCALIZACIÓN
Ubicación ES-MaACL
Número de control de estantería B-4031
852 ## - LOCALIZACIÓN
Ubicación ES-MaACL
Número de control de estantería A-5121
Holdings
Estatus retirado Estado de pérdida Estado de daño No para préstamo Colección Biblioteca de origen Biblioteca actual Ubicación en estantería Fecha de adquisición Fuente de adquisición Total de préstamos Signatura topográfica completa Código de barras Visto por última vez Precio de reemplazo Tipo de ítem Koha
        Colección de referencia Biblioteca del Ateneo de Madrid Biblioteca del Ateneo de Madrid Sala Pecera Planta 1 17/01/2008     A-5121 1155236 23/02/2023 23/02/2023 Libro impreso
        Colección de referencia Biblioteca del Ateneo de Madrid Biblioteca del Ateneo de Madrid Sala Pardo Bazán 17/01/2008     B-4031 1155235 23/02/2023 23/02/2023 Libro impreso